特急列車の名称と読みが一致する駅 - Statistics

General Stats
  • This quiz has been taken 401 times
    168 since last reset
  • The average score is 14 of 36
Answer Stats
Hint Answer 列車名 名称列車の運行事業者 % Correct
茨城県 日立 ひたち JR東日本
73%
群馬県 赤城 あかぎ JR東日本
60%
山口県 ひかり JR東海、JR西日本
59%
栃木県 日光 日光 JR東日本・東武
57%
埼玉県 児玉 こだま JR東海、JR西日本
52%
新潟県 つばめ JR西日本、JR九州
52%
愛知県 さくら JR西日本、JR九州
50%
三重県 さくら JR西日本、JR九州
50%
静岡県 富士川 ふじかわ JR東海
48%
北海道 瑞穂 みずほ JR西日本、JR九州
48%
北海道 八雲 やくも JR西日本
48%
北海道 みどり JR九州
47%
埼玉県 秩父 ちちぶ 西武
45%
京都府 常盤 ときわ JR東日本
45%
岡山県 常盤 ときわ JR東日本
45%
山口県 常盤 ときわ JR東日本
45%
山梨県 富士山 ふじさん 小田急、JR東海
43%
北海道 稲穂 いなほ JR東日本
42%
千葉県 佐倉 さくら JR西日本、JR九州
40%
長崎県 ハウステンボス ハウステンボス JR九州
39%
鳥取県 はやぶさ JR東日本
38%
神奈川県 江ノ島 えのしま 小田急
37%
三重県 朝熊 あさま 近鉄
34%
大阪府 白鷺 しらさぎ JR東海、JR西日本
33%
石川県 鶴来 つるぎ JR西日本
31%
愛知県 藤川 ふじかわ JR東海
29%
愛媛県 古町 こまち JR東日本
28%
千葉県 日向 ひゅうが JR九州
28%
長野県 赤木 あかぎ JR東日本
25%
熊本県 海路 かいじ JR東日本
24%
東京都 高野 こうや 南海
24%
愛媛県 春賀 はるか JR西日本
16%
埼玉県 沼南 湘南 JR東日本
13%
千葉県 幸谷 こうや 南海
12%
岐阜県 水鳥 みどり JR九州
11%
富山県 黒部 くろべ 富山地方鉄道
7%
No matching quizzes found
Score Distribution
Percent of People with Each Score
Percentile by Number Answered
Your Score History
You have not taken this quiz since the last reset